[Event "Jan Macieja Memorial"]
[Site "Warsaw POL"]
[Date "2023.07.10"]
[Round "1.58"]
[White "Spytek, Hubert"]
[Black "Budzisz, Adrian"]
[Result "0-1"]
[WhiteElo "1404"]
[BlackElo "2018"]
[EventDate "2023.07.10"]
[PlyCount "78"]

1.d4 Nf6 2.Nf3 e6 3.c4 b6 4.g3 Bb7 5.Bg2 Bb4+ 6.Bd2 Be7 7.Nc3 O-O 8.O-O d5 9.e3 
Nbd7 10.b3 Rc8 11.Rc1 c5 12.cxd5 exd5 13.Qc2 Ne4 14.Qb2 Bf6 15.Rfd1 Qe7 16.Nxe4 
dxe4 17.Ne1 cxd4 18.exd4 Rfd8 19.Bc3 b5 20.a3 Nb6 21.Nc2 Nd5 22.Bd2 Rc6 23.Nb4 
Rxc1 24.Rxc1 Nb6 25.Be3 Qd6 26.Rd1 a5 27.Nc2 h6 28.Qc1 Rc8 29.Qb1 Nd5 30.Bf1 
Nc3 31.Qc1 Nxd1 32.Qxd1 Qd5 33.Ne1 Be7 34.a4 bxa4 35.bxa4 Bb4 36.Bb5 Bc6 
37.Bxc6 Rxc6 38.Nc2 Qb3 39.d5 Qxc2 0-1

[Event "Jan Macieja Memorial"]
[Site "Warsaw POL"]
[Date "2023.07.10"]
[Round "1.59"]
[White "Derylo, Kamil"]
[Black "Gozdzikowski, Franciszek"]
[Result "0-1"]
[WhiteElo "2026"]
[BlackElo "1396"]
[EventDate "2023.07.10"]
[PlyCount "80"]

1.e4 e5 2.Nf3 Nc6 3.d4 exd4 4.Bc4 Nf6 5.e5 d5 6.Bb5 Ne4 7.Nxd4 Bd7 8.Bxc6 bxc6 
9.O-O Bc5 10.f3 Ng5 11.f4 Ne4 12.Be3 O-O 13.Nd2 Nxd2 14.Qxd2 Bb6 15.Nb3 f6 
16.Nc5 fxe5 17.fxe5 Qe7 18.Rxf8+ Rxf8 19.Qc3 Re8 20.Nxd7 Qxd7 21.Bxb6 cxb6 
22.Re1 Qe6 23.Qa3 Qe7 24.Qd3 Qc5+ 25.Kh1 Re6 26.Qf5 Qe7 27.h3 g6 28.Qf4 Kg7 
29.Rf1 Rxe5 30.Qd4 c5 31.Qg4 Re1 32.Rxe1 Qxe1+ 33.Kh2 Qe5+ 34.Kh1 Qf5 35.Qe2 
Qe4 36.Qf2 d4 37.a3 Qe3 38.Qh4 g5 39.Qg4 Qc1+ 40.Kh2 Qf4+ 0-1

[Event "Jan Macieja Memorial"]
[Site "Warsaw POL"]
[Date "2023.07.10"]
[Round "1.60"]
[White "Rabiej, Mateusz"]
[Black "Zaninotto, Franco"]
[Result "1/2-1/2"]
[WhiteElo "1395"]
[BlackElo "2026"]
[EventDate "2023.07.10"]
[PlyCount "73"]

1.e4 Nf6 2.Nc3 d5 3.e5 d4 4.exf6 dxc3 5.fxe7 cxd2+ 6.Bxd2 Bxe7 7.Bc3 O-O 8.Nf3 
Bf5 9.Nd4 Bg6 10.Be2 Bf6 11.O-O a6 12.Bf3 Ra7 13.Re1 c5 14.Ne2 Bxc3 15.Nxc3 
Qxd1 16.Bxd1 Nc6 17.Rc1 b5 18.Ne4 c4 19.Bf3 Nd4 20.c3 Nxf3+ 21.gxf3 Rd7 22.Nc5 
Rd6 23.Rcd1 Rf6 24.Nd7 Ra8 25.Nxf6+ gxf6 26.Rd6 Kg7 27.Re7 Bf5 28.Kf1 Kg6 
29.Ke2 h5 30.h4 Bb1 31.a3 Bf5 32.Ke3 Be6 33.Kf4 Bf5 34.Ke3 Be6 35.Kd4 Kf5 
36.Ke3 Kg6 37.Rc7 1/2-1/2

[Event "Jan Macieja Memorial"]
[Site "Warsaw POL"]
[Date "2023.07.10"]
[Round "1.61"]
[White "Janeczko, Jakub"]
[Black "Pomykala, Maciej"]
[Result "1-0"]
[WhiteElo "1991"]
[BlackElo "1390"]
[EventDate "2023.07.10"]
[PlyCount "51"]

1.e4 c6 2.Nc3 d5 3.Nf3 Bg4 4.h3 Bh5 5.exd5 cxd5 6.Bb5+ Nc6 7.g4 Bg6 8.Ne5 Qc7 
9.d4 a6 10.Bxc6+ bxc6 11.Bf4 Qb7 12.Na4 Qb4+ 13.c3 Qb5 14.Nc5 f6 15.Nxg6 hxg6 
16.Qc2 Kf7 17.a4 Qb6 18.h4 e5 19.h5 exf4 20.hxg6+ Ke8 21.Rxh8 Nh6 22.Qe2+ Kd8 
23.Qe6 Qxc5 24.dxc5 Kc7 25.Rxh6 gxh6 26.Qf7+ 1-0

[Event "Jan Macieja Memorial"]
[Site "Warsaw POL"]
[Date "2023.07.10"]
[Round "1.62"]
[White "Jasiulewicz, Kamil"]
[Black "Jedrusik, Adam"]
[Result "0-1"]
[WhiteElo "1379"]
[BlackElo "2023"]
[EventDate "2023.07.10"]
[PlyCount "38"]

1.d4 Nf6 2.c4 e6 3.Nc3 Bb4 4.Nf3 c5 5.Bg5 h6 6.Bh4 Qa5 7.Qc2 Nc6 8.dxc5 Ne4 
9.Rc1 Bxc3+ 10.bxc3 Nxc5 11.e3 b6 12.Be2 Bb7 13.O-O O-O 14.Nd4 a6 15.Bg3 Rfc8 
16.Bd6 Qa4 17.Qd2 Nxd4 18.cxd4 Qc6 19.Bxc5 Qxg2# 0-1

[Event "Jan Macieja Memorial"]
[Site "Warsaw POL"]
[Date "2023.07.10"]
[Round "2.1"]
[White "Adamczyk, Zuzanna"]
[Black "Piorun, Kacper"]
[Result "0-1"]
[WhiteElo "1983"]
[BlackElo "2583"]
[EventDate "2023.07.10"]
[PlyCount "114"]

1.d4 g6 2.c4 Bg7 3.Nc3 c5 4.e3 cxd4 5.exd4 Nf6 6.Nf3 O-O 7.d5 e6 8.dxe6 fxe6 
9.Be2 b6 10.O-O Bb7 11.Be3 Na6 12.h3 Nh5 13.Bg5 Bf6 14.Bxf6 Nxf6 15.Nd4 Nc5 
16.Bf3 Qc8 17.Bxb7 Nxb7 18.Qe2 Nd6 19.b3 a6 20.Rac1 Rb8 21.Rfd1 Nf7 22.Ne4 Nxe4 
23.Qxe4 Qc5 24.Qe3 Rbd8 25.Nc2 Qc7 26.Nd4 Rfe8 27.Nf3 d6 28.Ng5 Qc5 29.Qxc5 
bxc5 30.Nxf7 Kxf7 31.f3 Rd7 32.Kf2 a5 33.Rd2 a4 34.Rcd1 Ke7 35.Ke3 Rb8 36.Rd3 
Rb6 37.Rb1 Rdb7 38.Kd2 Ra7 39.Kc2 g5 40.Rb2 Rab7 41.Rd1 axb3+ 42.axb3 Ra7 
43.Kc3 Kf6 44.Re1 h5 45.g4 hxg4 46.fxg4 e5 47.Rf1+ Ke6 48.Rbf2 Ra3 49.Rf6+ Kd7 
50.Rf7+ Kc6 51.Rb1 Ra2 52.Rg7 Rh2 53.Rxg5 Rxh3+ 54.Kc2 Ra6 55.Rb2 Ra1 56.Rf5 
Rh2+ 57.Kc3 Rc1+ 0-1

[Event "Jan Macieja Memorial"]
[Site "Warsaw POL"]
[Date "2023.07.10"]
[Round "2.2"]
[White "Tomczak, Jacek"]
[Black "Paprocki, Antoni"]
[Result "1-0"]
[WhiteElo "2562"]
[BlackElo "1978"]
[EventDate "2023.07.10"]
[PlyCount "51"]

1.e4 c6 2.Nc3 d5 3.Nf3 Bg4 4.h3 Bxf3 5.Qxf3 e6 6.Be2 Nf6 7.O-O d4 8.Nb1 Nbd7 
9.d3 Bd6 10.g3 O-O 11.Nd2 b5 12.Qg2 e5 13.f4 exf4 14.gxf4 Bc7 15.Nf3 c5 16.Nh2 
Qe7 17.e5 Nxe5 18.fxe5 Bxe5 19.a4 b4 20.Nf3 Bc7 21.Nh4 Nd5 22.Nf5 Qe5 23.Bf3 
Rad8 24.Bxd5 Rxd5 25.Bh6 g6 26.Rae1 1-0

[Event "Jan Macieja Memorial"]
[Site "Warsaw POL"]
[Date "2023.07.10"]
[Round "2.3"]
[White "Taranowicz, Michal"]
[Black "Kazakouski, Valery"]
[Result "0-1"]
[WhiteElo "1975"]
[BlackElo "2546"]
[EventDate "2023.07.10"]
[PlyCount "70"]

1.Nc3 Nf6 2.e4 e5 3.f4 d5 4.fxe5 Nxe4 5.Qf3 Nc6 6.Bb5 Nxc3 7.dxc3 Be6 8.Bf4 Qd7 
9.h3 a6 10.Bxc6 Qxc6 11.O-O-O Qa4 12.Kb1 O-O-O 13.Ne2 c5 14.Bg5 Rd7 15.Nf4 h6 
16.Nxe6 fxe6 17.Bc1 Qc6 18.Rhf1 g5 19.h4 gxh4 20.Qh5 Bg7 21.Rf2 d4 22.cxd4 cxd4 
23.Rd3 Rhd8 24.Qxh4 Bxe5 25.Qxh6 Bg7 26.Qh3 e5 27.Bg5 Rh8 28.Qg4 e4 29.Rd1 Kb8 
30.Re2 Re8 31.Bf4+ Ka8 32.Qh5 Rc8 33.g4 d3 34.cxd3 exd3 35.Red2 Qc2+ 0-1

[Event "Jan Macieja Memorial"]
[Site "Warsaw POL"]
[Date "2023.07.10"]
[Round "2.4"]
[White "Bartel, Mateusz"]
[Black "Smetek, Michal"]
[Result "1-0"]
[WhiteElo "2529"]
[BlackElo "2036"]
[EventDate "2023.07.10"]
[PlyCount "103"]

1.Nf3 Nf6 2.b3 g6 3.Bb2 Bg7 4.e3 O-O 5.d4 d5 6.Be2 c5 7.O-O cxd4 8.exd4 Nc6 
9.h3 Bf5 10.a3 Rc8 11.Nbd2 Ne4 12.c3 Nxd2 13.Qxd2 e5 14.dxe5 Nxe5 15.Nxe5 Bxe5 
16.c4 Bxb2 17.Qxb2 dxc4 18.Bxc4 Qg5 19.f4 Qe7 20.Rae1 Qc5+ 21.Kh2 Qb6 22.Qe5 h5 
23.a4 Rcd8 24.a5 Qd6 25.Qxd6 Rxd6 26.Re7 Rd7 27.Rfe1 Rfd8 28.Bxf7+ Kf8 29.Rxd7 
Rxd7 30.Bc4 Rc7 31.Kg3 Rc5 32.Re5 Rxe5 33.fxe5 g5 34.h4 gxh4+ 35.Kxh4 Be4 36.g3 
Bf3 37.Kg5 Ke7 38.b4 b6 39.axb6 axb6 40.Kf4 Bd1 41.Bd5 Bc2 42.Bf3 Bg6 43.Kg5 
Bf7 44.Bxh5 Bd5 45.Kf4 Bc4 46.Bg4 Bd3 47.Bf5 Bc4 48.g4 Bg8 49.g5 Bf7 50.g6 Bg8 
51.Kg5 Bc4 52.Kh6 1-0

[Event "Jan Macieja Memorial"]
[Site "Warsaw POL"]
[Date "2023.07.10"]
[Round "2.5"]
[White "Zhuk, Ivan"]
[Black "Socko, Bartosz"]
[Result "0-1"]
[WhiteElo "2032"]
[BlackElo "2520"]
[EventDate "2023.07.10"]
[PlyCount "58"]

1.e4 e6 2.d4 d5 3.Nc3 Bb4 4.e5 Ne7 5.a3 Bxc3+ 6.bxc3 c5 7.Qg4 Kf8 8.Nf3 Qa5 
9.Bd2 Qa4 10.Ng5 Qxc2 11.Qf3 Qf5 12.Qg3 c4 13.Be2 h6 14.Nh3 Bd7 15.O-O Ba4 
16.Nf4 Nbc6 17.Bg4 Qh7 18.Rab1 b6 19.Qf3 Ke8 20.Bxe6 fxe6 21.Nxe6 Kd7 22.Nf4 
Raf8 23.Qg4+ Qf5 24.Qxg7 Rfg8 25.Qf6 Qxf6 26.exf6 Nf5 27.Nxd5 Nh4 28.Nf4 Nf3+ 
29.Kh1 Nxd2 0-1

[Event "Jan Macieja Memorial"]
[Site "Warsaw POL"]
[Date "2023.07.10"]
[Round "2.6"]
[White "Gagare, Shardul"]
[Black "Nesterenko, Kyrylo"]
[Result "1-0"]
[WhiteElo "2482"]
[BlackElo "1941"]
[EventDate "2023.07.10"]
[PlyCount "91"]

1.c4 c5 2.g3 Nc6 3.b3 Nf6 4.Bb2 g6 5.Bxf6 exf6 6.Bg2 f5 7.Nc3 Bg7 8.Rc1 O-O 
9.e3 d6 10.Nge2 Rb8 11.O-O Bd7 12.d4 h5 13.h4 Re8 14.Qd2 cxd4 15.Nxd4 Nxd4 
16.exd4 Bc6 17.Nd5 Bxd5 18.Bxd5 Qf6 19.Rfd1 b6 20.b4 Rbc8 21.c5 dxc5 22.dxc5 
bxc5 23.bxc5 Red8 24.c6 Kh7 25.Rc4 Rc7 26.Qa5 Qe7 27.Re1 Qd6 28.Bg2 Rdc8 29.Qa4 
Bf6 30.Rd1 Qe7 31.Rb4 Bg7 32.Rb7 Qe2 33.Rdb1 a6 34.Qa5 Qe5 35.Qxe5 Bxe5 36.R1b6 
a5 37.Rb5 Bc3 38.Rd5 Kg7 39.Rd3 Bf6 40.Ra3 Kf8 41.Rxa5 Bd8 42.Rab5 Bf6 43.a4 
Bd4 44.a5 Ke7 45.a6 Kd6 46.Rd5+ 1-0

[Event "Jan Macieja Memorial"]
[Site "Warsaw POL"]
[Date "2023.07.10"]
[Round "2.7"]
[White "Majek, Kacper"]
[Black "Heberla, Bartlomiej"]
[Result "0-1"]
[WhiteElo "1950"]
[BlackElo "2450"]
[EventDate "2023.07.10"]
[PlyCount "166"]

1.e4 e6 2.d4 d5 3.Nc3 dxe4 4.Nxe4 Nd7 5.Nf3 Ngf6 6.Nxf6+ Nxf6 7.Bd3 c5 8.Be3 
Qc7 9.O-O a6 10.a4 Bd6 11.dxc5 Bxc5 12.Bxc5 Qxc5 13.Re1 Bd7 14.Ne5 Bc6 15.Qd2 
O-O 16.b4 Qd5 17.Qg5 h6 18.Qg3 Nh5 19.Qg4 Nf6 20.Qg3 Nh5 21.Qg4 f5 22.c4 fxg4 
23.cxd5 Bxd5 24.Nxg4 Bxg2 25.Bc4 Bd5 26.Bxd5 exd5 27.Rac1 Rac8 28.Rxc8 Rxc8 
29.Re7 Rc4 30.Ne3 Rxb4 31.Nxd5 Rd4 32.Ne3 Rb4 33.Kg2 a5 34.Kf3 b6 35.Rb7 Rxa4 
36.Rxb6 Rf4+ 37.Kg2 a4 38.Ra6 Rb4 39.Kf3 Nf6 40.Ra7 Ne4 41.Nd5 Ng5+ 42.Ke2 Rd4 
43.Nc3 Rh4 44.Rxa4 Rxh2 45.Kf1 Rh3 46.Ne4 Nxe4 47.Rxe4 Rh5 48.Re7 Rg5 49.Ke2 
Kh7 50.f4 Rg3 51.Kf2 Ra3 52.Re6 h5 53.Kg2 g6 54.Kh2 Kg7 55.Rb6 Rf3 56.Rb4 Kf6 
57.Kg2 Rc3 58.Rb5 Rd3 59.Ra5 Ke6 60.Re5+ Kf6 61.Ra5 Rb3 62.Rc5 Ke6 63.Re5+ Kf6 
64.Ra5 Rd3 65.Rb5 h4 66.Ra5 Rg3+ 67.Kh2 Rf3 68.Ra4 Kf5 69.Ra5+ Kxf4 70.Ra4+ Kg5 
71.Ra8 Kg4 72.Ra4+ Rf4 73.Ra8 g5 74.Kg2 Rb4 75.Ra2 h3+ 76.Kh2 Kh4 77.Rc2 g4 
78.Rc1 Rb2+ 79.Kh1 Rf2 80.Rg1 g3 81.Re1 Rf1+ 82.Rxf1 g2+ 83.Kg1 Kg3 0-1

[Event "Jan Macieja Memorial"]
[Site "Warsaw POL"]
[Date "2023.07.10"]
[Round "2.8"]
[White "Cherniaiev, Tykhon"]
[Black "Malik, Maciej"]
[Result "1-0"]
[WhiteElo "2450"]
[BlackElo "1886"]
[EventDate "2023.07.10"]
[PlyCount "65"]

1.Nf3 Nf6 2.d4 g6 3.c4 Bg7 4.g3 O-O 5.Bg2 d6 6.O-O Nc6 7.Nc3 e5 8.b3 e4 9.Ng5 
e3 10.fxe3 Ng4 11.Nge4 Bh6 12.Nd5 f5 13.Nf2 Nxf2 14.Rxf2 Ne7 15.Nf4 c6 16.a4 
Re8 17.Qd3 Bg7 18.Ba3 Kh8 19.Raf1 Ng8 20.b4 Qe7 21.Rf3 Nf6 22.b5 Ng4 23.Bc1 Bd7 
24.h3 Nf6 25.Ba3 g5 26.c5 gxf4 27.cxd6 Qe4 28.Qb3 fxe3 29.Rf4 Qe6 30.Qc2 Nd5 
31.Rxf5 Rg8 32.Rh5 Bxd4 33.Qxh7# 1-0

[Event "Jan Macieja Memorial"]
[Site "Warsaw POL"]
[Date "2023.07.10"]
[Round "2.9"]
[White "Marcinczyk, Monika"]
[Black "Nasuta, Grzegorz"]
[Result "0-1"]
[WhiteElo "1945"]
[BlackElo "2449"]
[EventDate "2023.07.10"]
[PlyCount "43"]

1.b3 d5 2.Bb2 Bf5 3.Nf3 e6 4.g3 Nf6 5.Bg2 h6 6.O-O Be7 7.d3 O-O 8.Nbd2 c6 9.Re1 
Bh7 10.e4 a5 11.a4 Na6 12.e5 Nd7 13.Nd4 Nb4 14.Kh1 Qc7 15.f4 b5 16.N2f3 bxa4 
17.Rxa4 Nb6 18.Ra1 c5 19.Ne2 c4 20.Ned4 cxd3 21.cxd3 Nxd3 22.Re2 0-1

[Event "Jan Macieja Memorial"]
[Site "Warsaw POL"]
[Date "2023.07.10"]
[Round "2.10"]
[White "Kowalski, Igor"]
[Black "Podgorski, Maciej"]
[Result "1-0"]
[WhiteElo "2367"]
[BlackElo "1945"]
[EventDate "2023.07.10"]
[PlyCount "89"]

1.d4 Nf6 2.Nf3 d5 3.c4 e6 4.g3 Be7 5.Bg2 dxc4 6.O-O Nbd7 7.a4 O-O 8.Qc2 a5 
9.Qxc4 Nb6 10.Qc2 Bd7 11.Nc3 Bc6 12.e4 Bb4 13.e5 Nfd5 14.Ng5 g6 15.Nce4 h6 
16.Nf3 Kg7 17.h4 Qd7 18.b3 Be7 19.Qe2 Nb4 20.Rd1 Rad8 21.Nf6 Qc8 22.h5 N6d5 
23.Ne4 g5 24.Bd2 f5 25.exf6+ Nxf6 26.Nfxg5 hxg5 27.Nxg5 Bxg2 28.Nxe6+ Kf7 
29.Ng5+ Kg8 30.Kxg2 Qd7 31.Qe6+ Qxe6 32.Nxe6 Rd6 33.Nxf8 Bxf8 34.Bf4 Rd7 35.h6 
Kf7 36.Rac1 c6 37.Rh1 Kg6 38.Be5 Rh7 39.Rce1 Nbd5 40.Bxf6 Nxf6 41.Re6 Kf7 
42.Re5 Rxh6 43.Rxh6 Bxh6 44.Rxa5 Kf8 45.Ra8+ 1-0

[Event "Jan Macieja Memorial"]
[Site "Warsaw POL"]
[Date "2023.07.10"]
[Round "2.11"]
[White "Kitewski, Bartosz"]
[Black "Kanarek, Marcel"]
[Result "0-1"]
[WhiteElo "1944"]
[BlackElo "2388"]
[EventDate "2023.07.10"]
[PlyCount "70"]

1.d4 Nf6 2.c4 g6 3.Nc3 d6 4.Nf3 Bg7 5.g3 O-O 6.Bg2 c6 7.O-O Qa5 8.e4 e5 9.d5 
cxd5 10.cxd5 b5 11.Nd2 a6 12.Nb3 Qd8 13.Bg5 h6 14.Be3 Ng4 15.Bd2 f5 16.h3 Nf6 
17.a3 Nbd7 18.exf5 gxf5 19.Rc1 Bb7 20.Re1 Rc8 21.Be3 Ba8 22.Qd2 h5 23.Bg5 Qe8 
24.Na5 Nc5 25.Nc6 Nb3 26.Qc2 Nxc1 27.Rxc1 Bxc6 28.dxc6 e4 29.Ne2 d5 30.Nf4 d4 
31.Bf1 d3 32.Qd1 Rxc6 33.Rxc6 Qxc6 34.Ng6 Re8 35.Be3 Nd5 0-1

[Event "Jan Macieja Memorial"]
[Site "Warsaw POL"]
[Date "2023.07.10"]
[Round "2.12"]
[White "Sengupta, Deep"]
[Black "Adamski, Jan"]
[Result "1-0"]
[WhiteElo "2361"]
[BlackElo "1966"]
[EventDate "2023.07.10"]
[PlyCount "69"]

1.e4 c5 2.Nf3 a6 3.c3 d5 4.exd5 Qxd5 5.d4 Nf6 6.Na3 e6 7.Nc4 Nbd7 8.Be3 cxd4 
9.Bxd4 Bc5 10.Bxc5 Qxd1+ 11.Rxd1 Nxc5 12.Nd6+ Ke7 13.Ne5 Rf8 14.g3 Nd5 15.Ndc4 
f6 16.Nd3 Nxd3+ 17.Bxd3 Bd7 18.Na5 b6 19.Nb3 Rfc8 20.O-O Ra7 21.Rfe1 Kf7 22.Nd4 
b5 23.h4 Rac7 24.Bxh7 b4 25.cxb4 Nxb4 26.a3 Nd5 27.h5 e5 28.Bg6+ Kf8 29.Nf5 
Bxf5 30.Bxf5 Rd8 31.Rd2 Ke7 32.Red1 Rc5 33.b4 Rb5 34.a4 Ra5 35.bxa5 1-0

[Event "Jan Macieja Memorial"]
[Site "Warsaw POL"]
[Date "2023.07.10"]
[Round "2.13"]
[White "Piotrowski, Daniel"]
[Black "Mis, Mieszko"]
[Result "0-1"]
[WhiteElo "1906"]
[BlackElo "2369"]
[EventDate "2023.07.10"]
[PlyCount "38"]

1.e4 d5 2.exd5 Qxd5 3.Nc3 Qa5 4.d4 Nf6 5.Bc4 Bg4 6.f3 Bf5 7.Be3 e6 8.Ne2 Nc6 
9.Bd3 O-O-O 10.O-O Kb8 11.Bxf5 Qxf5 12.Qc1 Nb4 13.Ng3 Qxc2 14.a3 Qxc1 15.Raxc1 
Nbd5 16.Nxd5 Nxd5 17.Bf2 Bd6 18.Ne4 Nf4 19.Rfd1 Ne2+ 0-1

[Event "Jan Macieja Memorial"]
[Site "Warsaw POL"]
[Date "2023.07.10"]
[Round "2.14"]
[White "Lasota, Adam"]
[Black "Sieciechowicz, Marcin"]
[Result "0-1"]
[WhiteElo "1903"]
[BlackElo "2294"]
[EventDate "2023.07.10"]
[PlyCount "112"]

1.e4 e6 2.d4 d5 3.e5 c5 4.c3 Nc6 5.Nf3 Bd7 6.a3 c4 7.Be2 Qb6 8.O-O O-O-O 9.Nbd2 
Na5 10.Rb1 Ne7 11.b3 cxb3 12.Nxb3 Ba4 13.Nfd2 Nec6 14.Bd3 Nxb3 15.Nxb3 Na5 
16.Bc2 Bxb3 17.Bxb3 Kb8 18.Bg5 Rc8 19.Bxd5 Qc7 20.Bf3 h6 21.Bd2 b6 22.Qa4 Nc4 
23.Bf4 g5 24.Bg3 Nd2 25.Rbc1 Nxf3+ 26.gxf3 h5 27.h3 Qb7 28.c4 g4 29.fxg4 Bc5 
30.d5 hxg4 31.h4 Ka8 32.Rcd1 Rhd8 33.dxe6 fxe6 34.Qc2 Qf3 35.Kh2 Rf8 36.Rde1 
Rf7 37.Qe4+ Kb8 38.Qxf3 Rxf3 39.Kg2 Rxa3 40.h5 a5 41.h6 Rd3 42.Bh4 Rh3 43.Bg5 
Rg8 44.Bf4 a4 45.Rh1 a3 46.Ra1 Kc7 47.Bc1 Rf8 48.Rxh3 gxh3+ 49.Kxh3 Rh8 50.Kg4 
Kd7 51.Kg5 Ke7 52.Bxa3 Rg8+ 53.Kh5 Rg2 54.Bxc5+ bxc5 55.Ra7+ Kd8 56.h7 Kc8 0-1

[Event "Jan Macieja Memorial"]
[Site "Warsaw POL"]
[Date "2023.07.10"]
[Round "2.15"]
[White "Pacan-milej, Kosma"]
[Black "Ponikowski, Przemyslaw"]
[Result "1-0"]
[WhiteElo "2302"]
[BlackElo "1918"]
[EventDate "2023.07.10"]
[PlyCount "55"]

1.d4 d5 2.c4 e5 3.dxe5 d4 4.Nf3 Nc6 5.a3 Nge7 6.b4 Ng6 7.Bb2 Ncxe5 8.Nxe5 Nxe5 
9.e3 Be6 10.Qxd4 Qxd4 11.Bxd4 Nxc4 12.Nc3 c6 13.Be2 a5 14.O-O f6 15.Bc5 Kf7 
16.Ne4 Ne5 17.Bxf8 Rhxf8 18.Nd6+ Kg8 19.Nxb7 axb4 20.axb4 Rab8 21.Nc5 Bd5 22.f4 
Nc4 23.Nd7 Nxe3 24.Rf2 Rxb4 25.Nxf8 Kxf8 26.Bf3 Kf7 27.Re1 Rb3 28.Rfe2 1-0

[Event "Jan Macieja Memorial"]
[Site "Warsaw POL"]
[Date "2023.07.10"]
[Round "2.17"]
[White "Baum, Jonasz"]
[Black "Kaminski, Maciej"]
[Result "1-0"]
[WhiteElo "2277"]
[BlackElo "1905"]
[EventDate "2023.07.10"]
[PlyCount "101"]

1.d4 d5 2.Nf3 Nf6 3.c4 c6 4.Nc3 dxc4 5.e4 b5 6.e5 Nd5 7.a4 b4 8.Ne4 e6 9.Bxc4 
Nb6 10.Bd3 a5 11.Bg5 Qd5 12.Rc1 Ba6 13.O-O Bxd3 14.Qxd3 Nxa4 15.Rc2 b3 16.Re2 
Nc5 17.Nxc5 Bxc5 18.Rc1 Bb4 19.Re4 Nd7 20.Rg4 a4 21.h4 a3 22.bxa3 Bxa3 23.Rb1 
Rb8 24.Bd2 c5 25.Rxg7 c4 26.Qc3 Bb4 27.Qe3 Bf8 28.Rg4 Rc8 29.Bc3 Nb6 30.Nd2 Na4 
31.Ne4 Be7 32.Qf4 h5 33.Rg7 Rf8 34.g4 hxg4 35.h5 Nxc3 36.Nxc3 Qa5 37.Qe3 Bb4 
38.Ne4 Be7 39.h6 c3 40.Rxb3 c2 41.Qc1 Ba3 42.Rxa3 Qxa3 43.Nf6+ Kd8 44.Qxa3 
c1=Q+ 45.Qxc1 Rxc1+ 46.Kg2 Rh8 47.h7 Ke7 48.Rxg4 Rcc8 49.Rg8 Ra8 50.Rxa8 Rxa8 
51.Ng8+ 1-0

[Event "Jan Macieja Memorial"]
[Site "Warsaw POL"]
[Date "2023.07.10"]
[Round "2.18"]
[White "Rasmussen, Jonas H"]
[Black "Kiolbasa, Oliwia"]
[Result "0-1"]
[WhiteElo "1875"]
[BlackElo "2269"]
[EventDate "2023.07.10"]
[PlyCount "70"]

1.d4 d5 2.Nf3 e6 3.g3 Nf6 4.Bg2 Be7 5.O-O O-O 6.c4 dxc4 7.Ne5 Nc6 8.Bxc6 bxc6 
9.Nxc6 Qe8 10.Nxe7+ Qxe7 11.Qa4 e5 12.dxe5 Qxe5 13.Qxc4 Qh5 14.f3 Bh3 15.Rf2 
Rad8 16.Nc3 Nd5 17.Nxd5 Rxd5 18.Bf4 Rfd8 19.Qc2 c5 20.e4 Rd3 21.Qe2 h6 22.a3 c4 
23.Rc1 Qc5 24.Qc2 Qd4 25.Re1 Rxf3 26.Qe2 Rd3 27.Qh5 Qxe4 28.Rfe2 Qf5 29.Qxf5 
Bxf5 30.Re8+ Rxe8 31.Rxe8+ Kh7 32.Re1 Bh3 33.Kf2 f6 34.Ke2 Rb3 35.Rb1 Bf5 0-1

[Event "Jan Macieja Memorial"]
[Site "Warsaw POL"]
[Date "2023.07.10"]
[Round "2.19"]
[White "Zochowski, Kacper"]
[Black "Siekanska, Maria"]
[Result "1-0"]
[WhiteElo "2262"]
[BlackElo "1902"]
[EventDate "2023.07.10"]
[PlyCount "113"]

1.Nf3 c5 2.c4 Nc6 3.b3 e6 4.g3 d5 5.cxd5 exd5 6.Bg2 Nf6 7.O-O Be7 8.d4 O-O 
9.Bb2 Re8 10.Nc3 Bg4 11.Rc1 Qd7 12.dxc5 Bxc5 13.Na4 Be7 14.Nc5 Bxc5 15.Rxc5 Qe7 
16.Rc2 Rad8 17.a3 Ne4 18.b4 Bf5 19.Nd4 Nxg3 20.hxg3 Bxc2 21.Qxc2 Nxd4 22.Bxd4 
Qxe2 23.Qxe2 Rxe2 24.Rd1 b6 25.Bf3 Ra2 26.Rd3 Kf8 27.Kg2 f6 28.Be3 d4 29.Bxd4 
Ke7 30.Re3+ Kf7 31.Rd3 Rd6 32.b5 g6 33.Bc6 h5 34.Kf3 g5 35.Ke3 f5 36.Rc3 Re6+ 
37.Kf3 Rd6 38.Be3 Kg6 39.Be8+ Kf6 40.Rc7 Rxa3 41.Rf7+ Ke6 42.Rh7 g4+ 43.Kf4 Kf6 
44.Rh6+ Ke7 45.Rxd6 Kxd6 46.Kxf5 a5 47.Bxb6 a4 48.Be3 Rb3 49.b6 a3 50.Bf7 Rb2 
51.Bd4 Rb5+ 52.Kg6 Kc6 53.Be8+ Kd5 54.Bxb5 Kxd4 55.b7 a2 56.b8=Q a1=Q 57.Qh8+ 1-0

[Event "Jan Macieja Memorial"]
[Site "Warsaw POL"]
[Date "2023.07.10"]
[Round "2.20"]
[White "Lecki, Leonard"]
[Black "Cukrowski, Filip"]
[Result "0-1"]
[WhiteElo "1879"]
[BlackElo "2258"]
[EventDate "2023.07.10"]
[PlyCount "120"]

1.e4 c5 2.Nf3 e6 3.d4 cxd4 4.Nxd4 Nc6 5.Nc3 Qc7 6.Nxc6 bxc6 7.Bd3 d5 8.O-O Nf6 
9.Re1 Be7 10.e5 Nd7 11.Qg4 g6 12.Qg3 Qb6 13.Na4 Qd4 14.Nc3 Qb6 15.Na4 Qa5 
16.Nc3 d4 17.Bd2 dxc3 18.Bxc3 Bb4 19.Be4 Bxc3 20.bxc3 O-O 21.Bxc6 Rb8 22.h4 Rd8 
23.Rad1 Nf8 24.h5 Bb7 25.Bxb7 Rxb7 26.h6 Rxd1 27.Rxd1 Rd7 28.Rb1 Qd8 29.Qf4 
Rd1+ 30.Rxd1 Qxd1+ 31.Kh2 Qd8 32.c4 Nd7 33.c3 Qb8 34.c5 Qxe5 35.Qxe5 Nxe5 36.f4 
Nc6 37.Kg3 Kf8 38.Kf3 f5 39.Ke3 Ke7 40.Kd3 Kd7 41.Kc4 Kc7 42.Kb5 Kb7 43.a4 a6+ 
44.Kc4 Ne7 45.Kd4 Nc6+ 46.Kc4 Kc7 47.g3 Kd7 48.Kd3 Nd8 49.Kd4 Nf7 50.Kc4 Kc6 
51.Kb4 Nxh6 52.Ka5 Nf7 53.Kxa6 e5 54.fxe5 Nxe5 55.a5 Nd7 56.Ka7 g5 57.a6 Nxc5 
58.c4 f4 59.gxf4 gxf4 60.Kb8 Nxa6+ 0-1

[Event "Jan Macieja Memorial"]
[Site "Warsaw POL"]
[Date "2023.07.10"]
[Round "2.21"]
[White "Orzech, Dominik"]
[Black "Smietanska, Wiktoria"]
[Result "1-0"]
[WhiteElo "2256"]
[BlackElo "1886"]
[EventDate "2023.07.10"]
[PlyCount "86"]

1.d4 Nf6 2.Nf3 g6 3.c4 Bg7 4.g3 O-O 5.Bg2 d6 6.O-O Nc6 7.Nc3 e5 8.d5 Ne7 9.e4 
Ne8 10.Ne1 f5 11.Nd3 Nf6 12.Bg5 h6 13.Bxf6 Rxf6 14.Qd2 g5 15.f4 gxf4 16.gxf4 
exf4 17.Nxf4 Rf7 18.Rae1 Be5 19.Nd3 Bd4+ 20.Kh1 Qf8 21.e5 dxe5 22.Nxe5 Bxe5 
23.Rxe5 Ng6 24.Re2 Bd7 25.Qd3 Qd6 26.Qd4 Kh7 27.c5 Qf6 28.Qb4 f4 29.Qxb7 Raf8 
30.Qxc7 Bg4 31.Qa5 Bxe2 32.Nxe2 Qxb2 33.Bf3 Ne5 34.Be4+ Kh8 35.Qc3 Qxc3 36.Nxc3 
f3 37.c6 Nc4 38.Rf2 Rb8 39.Rxf3 Rxf3 40.Bxf3 Rf8 41.Kg2 Kg7 42.Ne4 Kf7 43.d6 
Ke6 1-0

[Event "Jan Macieja Memorial"]
[Site "Warsaw POL"]
[Date "2023.07.10"]
[Round "2.22"]
[White "Sprzeczka, Emilia"]
[Black "Czerwonski, Aleksander"]
[Result "0-1"]
[WhiteElo "1876"]
[BlackElo "2242"]
[EventDate "2023.07.10"]
[PlyCount "110"]

1.e4 e5 2.Nf3 Nc6 3.d4 exd4 4.Nxd4 Bc5 5.Nxc6 Qf6 6.Qf3 Qxf3 7.gxf3 bxc6 8.Be3 
Bb6 9.Nc3 Nf6 10.Rg1 O-O 11.O-O-O d5 12.exd5 cxd5 13.Nxd5 Nxd5 14.Rxd5 Bb7 
15.Rdg5 g6 16.R5g3 Rfe8 17.f4 Rad8 18.Bd3 Be4 19.Bxe4 Rxe4 20.f5 Bxe3+ 21.Rxe3 
Rf4 22.fxg6 hxg6 23.f3 Rd5 24.Rd1 Rh5 25.Rd2 Rh3 26.Rf2 Ra4 27.a3 Rc4 28.Kd2 
Kg7 29.b3 Rch4 30.Ree2 c5 31.Ke3 a5 32.Rg2 Kf6 33.Rg3 Rxh2 34.Rgg2 Rh1 35.Rd2 
a4 36.Rd5 axb3 37.cxb3 c4 38.bxc4 Rxc4 39.Ra2 Ra4 40.Rb5 Re1+ 41.Kf2 Rc1 42.Rb4 
Rxb4 43.axb4 Rb1 44.Ra6+ Kf5 45.Rb6 g5 46.Kg3 f6 47.Rb5+ Kg6 48.Rb6 Rb3 49.Rb5 
f5 50.Rb6+ Kh5 51.Rb5 f4+ 52.Kf2 Kh4 53.Re5 Rxb4 54.Re1 Rb2+ 55.Kf1 Kg3 0-1

[Event "Jan Macieja Memorial"]
[Site "Warsaw POL"]
[Date "2023.07.10"]
[Round "2.23"]
[White "Malek, Jan"]
[Black "Gbiorczyk, Mikolaj"]
[Result "1-0"]
[WhiteElo "2255"]
[BlackElo "1874"]
[EventDate "2023.07.10"]
[PlyCount "28"]

1.d4 f5 2.Nc3 Nf6 3.Bg5 d5 4.Qd3 e6 5.g4 fxg4 6.h3 g3 7.Qxg3 Bd6 8.Qh4 Nbd7 
9.Nf3 c5 10.O-O-O Qb6 11.Rg1 Be7 12.e4 dxe4 13.Nxe4 Qc6 14.Bd3 b6 1-0

[Event "Jan Macieja Memorial"]
[Site "Warsaw POL"]
[Date "2023.07.10"]
[Round "2.24"]
[White "Celinski, Kamil"]
[Black "Koziorowicz, Michal"]
[Result "0-1"]
[WhiteElo "1855"]
[BlackElo "2253"]
[EventDate "2023.07.10"]
[PlyCount "100"]

1.c4 f5 2.g3 Nf6 3.Bg2 e5 4.Nc3 d6 5.d3 g6 6.b4 a5 7.b5 Bg7 8.Bb2 O-O 9.Nf3 
Nbd7 10.O-O Nc5 11.Nd2 a4 12.Rb1 Be6 13.Ba3 Nfd7 14.Qc2 Ra5 15.Nd5 c6 16.Nc3 
Qc7 17.Bb4 Raa8 18.Ba3 h5 19.Rb4 Qa5 20.Rfb1 Rfc8 21.bxc6 bxc6 22.R4b2 Kh7 
23.Bb4 Qa7 24.a3 Qc7 25.Re1 Qd8 26.e3 Qg8 27.d4 exd4 28.exd4 Bxd4 29.Rbb1 Qg7 
30.Ne2 Bf6 31.Nf4 Bf7 32.Bxc5 Nxc5 33.Qd1 Be5 34.Nf3 Ne4 35.Nxe5 dxe5 36.Bxe4 
exf4 37.Bg2 fxg3 38.hxg3 Bxc4 39.Qd6 Ra7 40.Bxc6 Bb3 41.Rbc1 Rcc7 42.Bg2 Rxc1 
43.Rxc1 Qe7 44.Qd4 Rd7 45.Qf4 Qxa3 46.Bc6 Re7 47.Kh2 Qb2 48.Rc5 a3 49.Qg5 Qxf2+ 
50.Kh3 Qxc5 0-1